| 000 | 00897nam a22002657a 4500 | ||
|---|---|---|---|
| 005 | 20110906121230.0 | ||
| 008 | 110906t xxu||||| |||| 00| 0 eng d | ||
| 010 | _aENG-103629 | ||
| 020 |
_a9788120343832 _c195.00 |
||
| 035 | _aEN-87162 | ||
| 037 | _bDBAD/PUB | ||
| 040 |
_aDPL _bEng |
||
| 082 | _a627.7 | ||
| 100 |
_934250 _aGhosh, Karuna Moy |
||
| 245 |
_aAnalysis and design practice of hydraulic concrete structures / _cby karuna Moy Ghosh |
||
| 260 |
_aNew Delhi _bPHI Learning _c2011 |
||
| 270 |
_aM-97, Connaught Circus _bNew Delhi _e110001 |
||
| 300 |
_axii,132p. : _c24cm (pbk) _bill. |
||
| 500 | _aIncludes index. | ||
| 610 | _934253 | ||
| 650 | _934251 | ||
| 700 | _934258 | ||
| 942 |
_2ddc _cEN _h627.7 _mGHO |
||
| 999 |
_c56390 _d56390 |
||